00493nam a2200157Ia 450000500170000000800410001708200130005810000180007124500280008926000540011730000170017165000270018894200060021595200990022199900150032020250311015428.0240331s9999 xx 000 0 und d bCOLa894 aCollin, T.W.M 0aEn piriya Rajakumarikku aTrincomaleebThaaham kalaai ilakkiya vattamc1992 aXiv, 40 p ., aMichael collin's poems cL 001040708LaWERCLbWERCLcSSCd2024-03-31l0o 894.811 COLp1657r2024-03-31w2024-03-31yL c3961d3961